00503nam a2200193 a 4500001001300000003000900013005001700022008004100039020002300080082001600103100002400119245003200143260004300175300000900218500003500227505001200262650001100274700002400285nice12345678IN_TiNIC20260116014101.0110107s2009 oxfa grp 000 0 eng  a9781851685479c22500a297.4bCHI7 aChittick, C William aSufismb A Beginner`s Guide aOxford bOne World Publications c2009 a233p aincludes index and biblioraphy2 aIndices aSufism1 aChittick, C William